000 00742nam a2200205 i 4500
001 13127
003 ES-MaACL
005 20250811073240.0
007 t|
008 971210s1985 sp ||||1| spa d
080 _a35(460.071.55)"18"(093.4)
110 2 _aEspaña.
_bMinisterio de Fomento.
_93868
245 1 0 _aGaceta de Madrid
_b: reales decretos de 30 de noviembre de 1833 /
_cMinisterio de Fomento.
260 _aMadrid :
_bMinisterio del Interior, Secretaría General Técnica,
_c1985.
300 _a1 vol. ;
_c35 cm.
651 4 _aEspaña-
_xDivisiones territoriales-
_yS.XIX-
_vLegislación.
_98190
710 1 _aEspaña.
_bMinisterio del Interior
_93941
852 _aES-MaACL
_jL-20418
_bR.110870
999 _c13127
_d13127